000 00322nam a2200121Ia 4500
008 241028s9999 xx 000 0 und d
041 _aeng
082 _a337 SAL
100 _aSalvatore,Sharma
245 _aInternational Economics An Indian Adaptation
260 _bWiley India
_aNew Delhi
_c2021
300 _a660;. P. 25 cm
999 _c43014
_d43014